00387nam a2200097Ia 4500008004100000245010100041245007700142260000900219650001300228856004800241171211s9999 xx 000 0 und d aHealth Insurance Resources: A Guide for People with Chronic Disease and Disability (2nd edition) cDorothy E. Northrop MSW ACSW, Kimberly Calder MPS, and Stephen E. Cooper c2006 xPHARMACY uhttp://down.ebook777.com/061/1932603344.pdf